Az Európai Unió jövője a BREXIT után újra-nemzetiesítés vagy gyorsabb integrációs előrehaladás

Bibliographic Details
Main Author: Szerdalácz Nikolett Laura
Other Authors: Csejtei Dr. István
Format: Thesis
Kulcsszavak:Brexit
Európai Unio
Európai integráció
Online Access:http://dolgozattar.uni-bge.hu/13873

MARC

LEADER 00000nta a2200000 i 4500
001 dolg13873
005 20180502095544.0
008 171211suuuu hu om 000 hun d
040 |a BGE Dolgozattár Repozitórium  |b hun 
041 |a hu 
100 1 |a Szerdalácz Nikolett Laura 
245 1 3 |a Az Európai Unió jövője a BREXIT után  |b újra-nemzetiesítés vagy gyorsabb integrációs előrehaladás  |c Szerdalácz Nikolett Laura  |h [elektronikus dokumentum] 
695 |a Brexit 
695 |a Európai Unio 
695 |a Európai integráció 
700 1 |a Csejtei Dr. István  |e ths 
856 4 0 |u http://dolgozattar.uni-bge.hu/13873/1/Szakdolgozat-Szerdal%C3%A1cz%20Nikolett%20%C3%BAj.pdf  |z Dokumentum-elérés